000 00376nam a22001571c 4500
001 a987682007
008 051003s1994 gw |||| 000u eng d
041 _aeng
100 1 _aArms, Thomas S.
245 0 0 _aEncyclopedia of the Cold War
264 _aNew York :
_bFacts on File,
_c1994
300 _a628 S. Leinen
942 _cMG
040 _cRU-10907106
003 RU-10907106
999 _c4171
_d4171